00580nam a22002057a 450000500170000001000130001702000100003003500130004003700160005304000120006908200130008110000200009424500620011426000410017627000370021730000230025450000260027765000390030365000320034220170124110103.0 aA-148732 c00.00 aA-148732 bCen Lib/Ret aDPLbEN a921bKHA aKhanna, D. P. S aDr. Bhagwan Das as a social thinker /cby D. P. S. Khanna aDelhibShree Publishing House c1983 a4056, Ajmeri GatebDelhie110006 aiv,244p.c21cm(Hb) aIncludes bibliography aSociologists -- India -- Biography aDas, Bhagavan, -- 1869-1958